Every Track The AsLMS Has Raced At - Statistics

General Stats
  • This quiz has been taken 59 times
  • The average score is 7 of 10
Answer Stats
Year(s) Active Country Answer % Correct
2013-2018 JPN Fuji Speedway
100%
2014, 2018-2019 CHN Shanghai International Circuit
94%
2013-2020, 2023 MYS Sepang International Circuit
92%
2021-Present ARE Dubai Autodrome
78%
2016-2020 THA Chang International Circuit
74%
2021-Present ARE Yas Marina Circuit
72%
2009 JPN Okayama International Circuit
62%
2020 AUS The Bend Motorsport Park
62%
2013, 2016-2017 CHN Zhuhai International Circuit
56%
2013-2014 KOR Inje Speedium
32%
No matching quizzes found
Score Distribution
Percent of People with Each Score
Percentile by Number Answered
Your Score History
You have not taken this quiz